<?xml version="1.0" encoding="UTF-8" ?>
<collection xmlns="http://www.loc.gov/MARC21/slim"><record><leader>01640nam a2200361   4500</leader><controlfield tag="001">231063</controlfield><controlfield tag="003">CH-000273-5</controlfield><controlfield tag="005">20250717171450.0</controlfield><datafield tag="020" ind1=" " ind2=" "><subfield code="a">978-3-903327-70-2</subfield></datafield><datafield tag="040" ind1=" " ind2=" "><subfield code="a">CH-000273-5</subfield><subfield code="b">ger</subfield><subfield code="e">rda</subfield></datafield><datafield tag="041" ind1="0" ind2=" "><subfield code="a">ger</subfield></datafield><datafield tag="100" ind1="1" ind2=" "><subfield code="a">Klimt, Gustav</subfield><subfield code="d">1862-1918</subfield><subfield code="e">Künstler</subfield><subfield code="4">art</subfield></datafield><datafield tag="245" ind1="1" ind2="0"><subfield code="a">Gustav Klimt</subfield><subfield code="b">die Braut</subfield><subfield code="c">Herausgeber*innen: von Stella Rollig, Franz Smola, Sandra Tretter ; Autor*innen: Marian Bisanz-Prakken [und 7 weitere]</subfield></datafield><datafield tag="246" ind1="1" ind2="0"><subfield code="a">Die Braut</subfield></datafield><datafield tag="264" ind1=" " ind2="1"><subfield code="a">Wien</subfield><subfield code="b">Belvedere</subfield><subfield code="c">[2025]</subfield></datafield><datafield tag="300" ind1=" " ind2=" "><subfield code="a">176 Seiten</subfield><subfield code="b">Illustrationen</subfield><subfield code="c">24 cm</subfield></datafield><datafield tag="336" ind1=" " ind2=" "><subfield code="a">Text</subfield><subfield code="b">txt</subfield><subfield code="2">rdacontent</subfield></datafield><datafield tag="336" ind1=" " ind2=" "><subfield code="a">unbewegtes Bild</subfield><subfield code="b">sti</subfield><subfield code="2">rdacontent</subfield></datafield><datafield tag="337" ind1=" " ind2=" "><subfield code="a">ohne Hilfsmittel zu benutzen</subfield><subfield code="b">n</subfield><subfield code="2">rdamedia</subfield></datafield><datafield tag="338" ind1=" " ind2=" "><subfield code="a">Band</subfield><subfield code="b">nc</subfield><subfield code="2">rdacarrier</subfield></datafield><datafield tag="490" ind1="1" ind2=" "><subfield code="a">Im Blick</subfield></datafield><datafield tag="600" ind1="1" ind2="7"><subfield code="a">Klimt, Gustav</subfield><subfield code="d">1862-1918</subfield><subfield code="x">Malerei</subfield><subfield code="2">gnd</subfield></datafield><datafield tag="655" ind1=" " ind2="7"><subfield code="a">Ausstellungskatalog</subfield><subfield code="x">Österreichische Galerie Belvedere. Oberes Belvedere</subfield><subfield code="y">15.05.2025-05.10.2025</subfield><subfield code="z">Wien</subfield><subfield code="2">gnd-content</subfield></datafield><datafield tag="655" ind1=" " ind2="7"><subfield code="a">Bildband</subfield><subfield code="2">gnd-content</subfield></datafield><datafield tag="655" ind1=" " ind2="7"><subfield code="a">Aufsatzsammlung</subfield><subfield code="2">gnd-content</subfield></datafield><datafield tag="700" ind1="1" ind2=" "><subfield code="a">Rollig, Stella</subfield><subfield code="d">1960-</subfield><subfield code="e">Herausgeber</subfield><subfield code="4">edt</subfield><subfield code="e">Verfasser von ergänzendem Text</subfield><subfield code="4">wst</subfield></datafield><datafield tag="700" ind1="1" ind2=" "><subfield code="a">Smola, Franz</subfield><subfield code="d">1963-</subfield><subfield code="e">Herausgeber</subfield><subfield code="4">edt</subfield><subfield code="e">Verfasser von ergänzendem Text</subfield><subfield code="4">wst</subfield></datafield><datafield tag="700" ind1="1" ind2=" "><subfield code="a">Tretter, Sandra</subfield><subfield code="d">1974-</subfield><subfield code="e">Herausgeber</subfield><subfield code="4">edt</subfield><subfield code="e">Verfasser von ergänzendem Text</subfield><subfield code="4">wst</subfield></datafield><datafield tag="700" ind1="1" ind2=" "><subfield code="a">Bisanz-Prakken, Marian</subfield><subfield code="d">1947-</subfield><subfield code="e">Verfasser von ergänzendem Text</subfield><subfield code="4">wst</subfield></datafield><datafield tag="710" ind1="2" ind2=" "><subfield code="a">Österreichische Galerie Belvedere</subfield><subfield code="e">Veranstalter</subfield><subfield code="4">orm</subfield><subfield code="e">Herausgebendes Organ</subfield><subfield code="4">isb</subfield></datafield><datafield tag="710" ind1="2" ind2=" "><subfield code="a">Gustav Klimt Wien 1900-Privatstiftung</subfield><subfield code="e">Veranstalter</subfield><subfield code="4">orm</subfield></datafield><datafield tag="775" ind1="0" ind2=" "><subfield code="i">Parallele Sprachausgabe</subfield><subfield code="n">eng</subfield><subfield code="z">978-3-903327-71-9</subfield></datafield><datafield tag="852" ind1="4" ind2=" "><subfield code="a">CH-000273-5</subfield><subfield code="c">C 2025/0328</subfield></datafield></record></collection>